Communication systems (Record no. 12072)

MARC details
000 -LEADER
fixed length control field 00525nam a2200181Ia 4500
003 - CONTROL NUMBER IDENTIFIER
control field IN-BaIIA
008 - FIXED-LENGTH DATA ELEMENTS--GENERAL INFORMATION
fixed length control field 211028s9999 xx 000 0 eng d
020 ## - INTERNATIONAL STANDARD BOOK NUMBER
International Standard Book Number 9971-51-170-3
040 ## - CATALOGING SOURCE
Transcribing agency IIA Library
080 ## - UNIVERSAL DECIMAL CLASSIFICATION NUMBER
Universal Decimal Classification number 621.39
Item number HAY
100 ## - MAIN ENTRY--PERSONAL NAME
Personal name Haykin, S
9 (RLIN) 15573
245 #0 - TITLE STATEMENT
Title Communication systems
Statement of responsibility, etc. S. Haykin
250 ## - EDITION STATEMENT
Edition statement 3rd ed.
260 ## - PUBLICATION, DISTRIBUTION, ETC.
Place of publication, distribution, etc. Singapore
Name of publisher, distributor, etc. John Wiley & Sons
Date of publication, distribution, etc. 1995
300 ## - PHYSICAL DESCRIPTION
Extent xvi, 872p.
650 ## - SUBJECT ADDED ENTRY--TOPICAL TERM
Topical term or geographic name entry element Telecommunication, Signal theory
9 (RLIN) 21015
942 ## - ADDED ENTRY ELEMENTS (KOHA)
Koha item type Books
Holdings
Withdrawn status Lost status Damaged status Not for loan Home library Current library Shelving location Date acquired Source of acquisition Cost, normal purchase price Total Checkouts Full call number Barcode Date last seen Cost, replacement price Price effective from Koha item type Purchase Price
        IIA Library-Bangalore IIA Library-Bangalore General Stacks 02/05/1997 SSA 2156.00   621.39/ HAY 12988 05/11/2021 2156.00 02/05/1997 Books Rs. 2156.00

Powered by Koha